| 000 | 01467nam0a2200289 4500 | ||
|---|---|---|---|
| 001 | RU\NLR\ONL2\17557 | ||
| 005 | 20260607091346.0 | ||
| 035 | _a(NLR Aleph) 009665142 | ||
| 090 |
_a13719647 _c13719647 |
||
| 100 | _a20100227d1966 e||y0rusy50 ca | ||
| 101 | 0 | _aaze | |
| 102 | _aAZ | ||
| 105 | _ay ||||||||| | ||
| 200 | 1 |
_aУшаг организминин анатомик физиоложи хусусиjj?тл?ри в? ?и?иjенасы _eгиjабичилэр учун методики в?саит _fАзэрб.ССР Али вэ орта ихт. тэhс. наз. h. Зэрдаби ад. Кировабад д?в. пед. ин-ту _gтэрт. зоологиjа каф. дос. Г. Гэмбэроглу, Ч. Х. Лэтифов |
|
| 210 |
_aКировабад _ch. Зэрдаби ад. Кировабад д?в. пед. ин-ту _d1966 |
||
| 215 |
_a40 с. _d20 |
||
| 541 | 1 |
_aАнатомо-физиологические особенности и гигиена детского организма _eметод. пособие для заочников _zrus |
|
| 606 | 0 |
_9Учебные издания для высшей школы _aДети _xГигиена _2nlr-sh2 _2nlr-sh1 _3RU\NLR\auth\66236783 |
|
| 686 | 1 | _aР128 я73 | |
| 702 | 1 |
_aГ?мб?ро?лу _bГ. _4220 |
|
| 801 | 0 |
_aRU _bNLR _c20100527 _gPSBO |
|
| 852 |
_aNLR _bОНЛ _jАзерб./2-13820 |
||
| 942 | _cBOOK | ||
| 980 | _aONL_RF | ||
| 980 | _aNB | ||